000 00925nam a2200289 i 4500
001 bg
100 1 _aFLENOV, Michael
245 1 0 _aC++ :
_belementarz hakera /
_cMichael Flenov ; [tł. Przemysław Szeremiota].
246 _iTyt. oryg.:
_aHackish C ++ : pranks & tricks
260 _aGliwice :
_b"Helion",
_c2005.
300 _a293 s. :
_bil. ;
_c24 cm.
490 1 _aNu pogodi! : elita rosyjskich programistów prezentuje
500 _aTyt. oryg.: "Hackish C ++ : pranks & tricks".
504 _aIndeks.
650 9 _aC (język programowania)
655 _aPodręczniki
700 1 _aSZEREMIOTA, Przemysław.
_eTł.
830 0 _aNu pogodi!
020 _a8373618015
040 _cBPK
041 1 _apol
_heng
080 _a004.438(07)
920 _a83-7361-801-5
942 _cKS
008 s pl f |000 0 pol
999 _c46017
_d46017
856 _uhttp://koha.tu.koszalin.pl/cgi-bin/koha/opac-detail.pl?biblionumber=46017
_yKatalog online BPK